000 00477nam a2200181Ia 4500
005 20250423100204.0
008 250422s9999 xx 000 0 und d
020 _a9780781751896
050 _aRD 118 .M456/
100 _aBrown, David L.
245 0 _aMichigan manual of plastic surgery
260 _aPhiladelphia
260 _bLippincott Williams & Wilkins
260 _c2004
300 _a420 p
650 _a Surgery, Plastic--Handbooks, manuals, etc.
942 _cBK
999 _c32549
_d32549